000
00285pab a2200109 454500
008
180718b xxu||||| |||| 00| 0 eng d
100
_a
Khusro, A.M
245
_a
Agenda for reform: no scope for its and buts
650
_a
Economic Development
773
_a
Financial Express
909
_a
24058
999
_c
24058
_d
24058